Memoria / (Record no. 188049)

MARC details
000 -LEADER
campo de control de longitud fija 00851nas a2200241 i 4500
001 - NÚMERO DE CONTROL
campo de control 188049
003 - IDENTIFICADOR DE NÚMERO DE CONTROL
campo de control ES-MaACL
005 - FECHA Y HORA DE LA ÚLTIMA TRANSACCIÓN
campo de control 20250217134927.0
008 - DATOS DE LONGITUD FIJA--INFORMACIÓN GENERAL
campo de control de longitud fija 180420d19681978sp a| | ||pa d
022 ## - NÚMERO INTERNACIONAL NORMALIZADO PARA PUBLICACIONES SERIADAS
Número Internacional Normalizado para Publicaciones Seriadas 0586-8513
110 0# - ENTRADA PRINCIPAL--NOMBRE DE ENTIDAD CORPORATIVA
Nombre de entidad corporativa o nombre de jurisdicción como elemento de entrada España.
Unidad subordinada Dirección General de Instituciones Penitenciarias.
9 (RLIN) 3744
245 10 - MENCIÓN DEL TÍTULO
Título Memoria /
Mención de responsabilidad, etc. Dirección General de Instituciones Penitenciarias.
260 ## - PUBLICACIÓN, DISTRIBUCIÓN, ETC.
Lugar de publicación, distribución, etc. Madrid :
Nombre del editor, distribuidor, etc. Dirección General de Instituciones Penitenciarias,
Fecha de publicación, distribución, etc. 1968-1978.
300 ## - DESCRIPCIÓN FÍSICA
Extensión 3 v. ;
Dimensiones 26 cm.
310 ## - PERIODICIDAD ACTUAL
Periodicidad actual Anual
362 0# - FECHAS DE PUBLICACIÓN Y/O DESIGNACIÓN SECUENCIAL
Fecha de publicación y/o designación secuencial 1968-[1978?]
610 24 - PUNTO DE ACCESO ADICIONAL DE MATERIA--NOMBRE DE ENTIDAD CORPORATIVA
Nombre de entidad corporativa o nombre de jurisdicción como elemento de entrada España.
Unidad subordinada Dirección General de Instituciones Penitenciarias-
Subdivisión de forma Memorias.
9 (RLIN) 164663
852 ## - LOCALIZACIÓN
Ubicación ES-MaACL
Número de control de estantería C-55150
Nota libre .- Año 1972
852 ## - LOCALIZACIÓN
Ubicación ES-MaACL
Número de control de estantería E-6245
Nota libre .- Año 1973
852 ## - LOCALIZACIÓN
Ubicación ES-MaACL
Número de control de estantería A-7077
Nota libre .- Año 1977
866 #0 - MENCIÓN TEXTUAL DE FONDOS--UNIDAD BIBLIOGRÁFICA BÁSICA
Fondos 1972-1973, 1977
Holdings
Estatus retirado Estado de pérdida Estado de daño No para préstamo Colección Biblioteca de origen Biblioteca actual Ubicación en estantería Fecha de adquisición Fuente de adquisición Total de préstamos Signatura topográfica completa Código de barras Visto por última vez Precio de reemplazo Tipo de ítem Koha
        Periódicos y Revistas Biblioteca del Ateneo de Madrid Biblioteca del Ateneo de Madrid Sala Pecera Planta 1 20/04/2018     A-7077 1198738 23/02/2023 23/02/2023 Revista
        Periódicos y Revistas Biblioteca del Ateneo de Madrid Biblioteca del Ateneo de Madrid Depósito 2 20/04/2018     C-55150 1198736 23/02/2023 23/02/2023 Revista
        Periódicos y Revistas Biblioteca del Ateneo de Madrid Biblioteca del Ateneo de Madrid Depósito 2 20/04/2018     E-6245 1198737 23/02/2023 23/02/2023 Revista